Capitales n'ayant qu'une seule voyelle - Statistiques

Statistiques générales
  • Ce quiz a été pris 382 fois
  • Le résultat moyen est 11 sur 25
Statistiques - réponses
Voyelle Capitale % Correct
O Oslo
85%
A Rabat
67%
A Dacca
63%
A Caracas
62%
A Ankara
55%
E Berne
54%
A Dakar
54%
A La Paz
54%
A Panama
52%
I Minsk
50%
A Astana
48%
A Jakarta
47%
A Accra
41%
I Dili
40%
O Stockholm
40%
I Tbilissi
40%
A Bagdad
39%
A Sanaa
38%
A Amman
36%
A Damas
33%
A Asmara
32%
A Manama
32%
A Achgabat
25%
A Kampala
24%
O Porto-Novo
23%
Aucun quiz correspondant
Distribution des résultats
% des personnes avec chaque résultat
Percentile par nombre de réponses
Votre historique - résultats
Vous n’avez pas pris ce quiz